[Event "Sachsen-Anhalt Landesliga-B 1920"]
[Site "Sachsen Anhalt"]
[Date "2019.12.08"]
[Round "4.1"]
[White "Einbrodt, Bjoern"]
[Black "Reimann, Hubert"]
[Result "1/2-1/2"]
[WhiteElo "1845"]
[BlackElo "1905"]
[PlyCount "29"]
[EventDate "2019.09.29"]
[EventType "team-tourn"]
[EventRounds "9"]
[EventCountry "GER"]
[SourceTitle "EXT 2023"]
[Source "ChessBase"]
[SourceDate "2022.10.05"]
[SourceVersion "1"]
[SourceVersionDate "2022.10.05"]
[SourceQuality "1"]
[WhiteTeam "Bad Schmiedeberg"]
[BlackTeam "Zeitz Motor"]
[WhiteTeamCountry "GER"]
[BlackTeamCountry "GER"]

1. e4 c5 2. Nc3 d6 3. f4 Nc6 4. Nf3 g6 5. Bb5 Bg7 6. Bxc6+ bxc6 7. 0-0 e6 8. d3 Ne7 9. e5 d5 10. Na4 c4 11. dxc4 Qa5 12. b3 dxc4 13. Nd4 cxb3 14. axb3 Ba6 15. c4 1/2-1/2

[Event "Leipzig VfB op 24th"]
[Site "Leipzig"]
[Date "2017.03.25"]
[Round "8"]
[White "Andreadakis, Kai"]
[Black "Reimann, Hubert"]
[Result "0-1"]
[WhiteElo "1708"]
[BlackElo "1954"]
[PlyCount "92"]
[EventDate "2017.03.21"]
[EventType "swiss"]
[EventRounds "9"]
[EventCountry "GER"]
[SourceTitle "EXT 2018"]
[Source "ChessBase"]
[SourceDate "2017.10.13"]
[SourceVersion "1"]
[SourceVersionDate "2017.10.13"]
[SourceQuality "1"]

1. e4 c5 2. Nf3 d6 3. d4 cxd4 4. Qxd4 Nc6 5. Bb5 Bd7 6. Qd3 g6 7. 0-0 Bg7 8. c4 Nf6 9. Nc3 0-0 10. Bg5 h6 11. Be3 Ng4 12. Bc1 a6 13. Bxc6 bxc6 14. h3 Nf6 15. Be3 Qa5 16. Rfd1 Rab8 17. Qd2 Qh5 18. Nd4 Ne8 19. Nde2 g5 20. Bd4 Bxd4 21. Qxd4 g4 22. hxg4 Bxg4 23. f3 Bc8 24. Rd2 Qg5 25. Rad1 e5 26. Qf2 Qe7 27. b3 Kh7 28. Ng3 Qg5 29. Nce2 Rg8 30. Qa7 Rb7 31. Qxa6 Qe3+ 32. Kh2 Qc5 33. Nf5 Nc7 34. Rxd6 Rg6 35. Qxc6 Qxc6 36. Rxc6 Rxc6 37. Ne7 Ra6 38. Nxc8 Rxa2 39. Ng3 Rxb3 40. Nf5 Rbb2 41. Rg1 Ne6 42. Ncd6 Ng5 43. Kg3 Kg6 44. Ne8 Ne6 45. Nh4+ Kg5 46. Nd6 Nf4 0-1

[Event "Leipzig VfB op 24th"]
[Site "Leipzig"]
[Date "2017.03.24"]
[Round "6"]
[White "Reimann, Hubert"]
[Black "Helmrich, Daniel"]
[Result "1/2-1/2"]
[WhiteElo "1954"]
[BlackElo "1744"]
[PlyCount "50"]
[EventDate "2017.03.21"]
[EventType "swiss"]
[EventRounds "9"]
[EventCountry "GER"]
[SourceTitle "EXT 2018"]
[Source "ChessBase"]
[SourceDate "2017.10.13"]
[SourceVersion "1"]
[SourceVersionDate "2017.10.13"]
[SourceQuality "1"]

1. d4 Nf6 2. c4 e6 3. Nc3 Bb4 4. e3 b6 5. Bd3 Bb7 6. Nf3 Ne4 7. 0-0 Bxc3 8. bxc3 f5 9. Qc2 0-0 10. Ne1 c5 11. f3 Nd6 12. g3 Qe7 13. Ng2 g5 14. Ba3 Na6 15. e4 f4 16. e5 Nf5 17. g4 Nh6 18. Be4 Bxe4 19. Qxe4 Nc7 20. Ne1 Nf7 21. Nd3 d5 22. cxd5 exd5 23. Qe2 Ne6 24. Qf2 Rfc8 25. Rfe1 Qc7 1/2-1/2

[Event "Leipzig VfB op 24th"]
[Site "Leipzig"]
[Date "2017.03.23"]
[Round "4"]
[White "Siewert, Wolfgang"]
[Black "Reimann, Hubert"]
[Result "1/2-1/2"]
[WhiteElo "1749"]
[BlackElo "1954"]
[PlyCount "29"]
[EventDate "2017.03.21"]
[EventType "swiss"]
[EventRounds "9"]
[EventCountry "GER"]
[SourceTitle "EXT 2018"]
[Source "ChessBase"]
[SourceDate "2017.10.13"]
[SourceVersion "1"]
[SourceVersionDate "2017.10.13"]
[SourceQuality "1"]

1. Nf3 Nf6 2. c4 e6 3. g3 d5 4. Bg2 Nbd7 5. 0-0 dxc4 6. Na3 Bxa3 7. bxa3 Nb6 8. a4 a5 9. Ba3 Bd7 10. Ne5 Bxa4 11. Qc1 c6 12. Nxc4 Nxc4 13. Qxc4 Bb5 14. Qb3 a4 15. Qb2 1/2-1/2

[Event "WchT Seniors 50"]
[Site "Radebeul"]
[Date "2016.06.30"]
[Round "5.2"]
[White "Reimann, Hubert"]
[Black "Wagner Michel, Annett"]
[Result "0-1"]
[WhiteElo "1956"]
[BlackElo "2139"]
[PlyCount "106"]
[EventDate "2016.06.26"]
[EventType "team-swiss"]
[EventRounds "9"]
[EventCountry "GER"]
[SourceTitle "CBM 173 Extra"]
[Source "ChessBase"]
[SourceDate "2016.08.29"]
[SourceVersion "1"]
[SourceVersionDate "2016.08.29"]
[SourceQuality "1"]
[WhiteTeam "Zeitz Schachfreunde"]
[BlackTeam "Germany (Women)"]
[WhiteTeamCountry "GER"]
[BlackTeamCountry "GER"]

1. d4 Nf6 2. c4 e6 3. Nc3 d5 4. e3 b6 5. Nf3 Be7 6. Qc2 0-0 7. b3 c5 8. Bb2 Nc6 9. a3 cxd4 10. exd4 Re8 11. Bd3 Ba6 12. Ne2 Rc8 13. Rc1 g6 14. c5 Bxd3 15. Qxd3 bxc5 16. dxc5 e5 17. Nxe5 Nxe5 18. Bxe5 Bxc5 19. Bxf6 Qxf6 20. 0-0 Qe5 21. b4 Bd6 22. Ng3 h5 23. Rfd1 Rxc1 24. Rxc1 Qb2 25. Rd1 Re5 26. Nf1 Rf5 27. Rd2 Qa1 28. Rd1 Qf6 29. Qd4 Be5 30. Qxa7 d4 31. Qa8+ Kg7 32. f3 h4 33. h3 Qg5 34. Qe4 Bf6 35. Qg4 Qh6 36. Qe4 Qg5 37. a4 Rf4 38. Qd3 Rf5 39. b5 Rc5 40. Qd2 Qf5 41. b6 Qc8 42. Qb4 Rc2 43. b7 Qb8 44. a5 Be5 45. a6 Qa7 46. Qe1 d3+ 47. Kh1 Re2 48. Qa5 Bf4 49. Qc3+ f6 50. Qxd3 Qf2 51. Qd7+ Kh6 52. Qg4 Bg5 53. Ne3 Re1+ 0-1

[Event "WchT Seniors 50"]
[Site "Radebeul"]
[Date "2016.06.29"]
[Round "4.2"]
[White "Reimann, Hubert"]
[Black "Fehlhammer, Michael"]
[Result "0-1"]
[WhiteElo "1956"]
[BlackElo "2174"]
[PlyCount "66"]
[EventDate "2016.06.26"]
[EventType "team-swiss"]
[EventRounds "9"]
[EventCountry "GER"]
[SourceTitle "CBM 173 Extra"]
[Source "ChessBase"]
[SourceDate "2016.08.29"]
[SourceVersion "1"]
[SourceVersionDate "2016.08.29"]
[SourceQuality "1"]
[WhiteTeam "Zeitz Schachfreunde"]
[BlackTeam "Eiche Reichenbrand"]
[WhiteTeamCountry "GER"]
[BlackTeamCountry "GER"]

1. d4 e6 2. Nf3 Nf6 3. e3 b6 4. Bd3 Bb7 5. 0-0 c5 6. c4 Bxf3 7. Qxf3 Nc6 8. dxc5 Bxc5 9. Qd1 Qc7 10. Nc3 Rc8 11. a3 0-0 12. b3 Ne5 13. Be2 Rfd8 14. f4 Ng6 15. b4 Nxf4 16. bxc5 Nxe2+ 17. Qxe2 Qxc5 18. Rxf6 gxf6 19. Bb2 Qxc4 20. Qf3 f5 21. e4 Qd4+ 22. Kh1 fxe4 23. Qg3+ Qg7 24. Qe3 d5 25. Nd1 d4 26. Qxe4 Qg6 27. Qh4 Rd5 28. Nf2 Rc2 29. Bxd4 Rc4 30. Rf1 Rcxd4 31. Qe7 Rd2 32. h4 Qg3 33. Qf6 Rf5 0-1

[Event "WchT Seniors 50"]
[Site "Radebeul"]
[Date "2016.06.27"]
[Round "2.3"]
[White "Segebarth, Bernd"]
[Black "Reimann, Hubert"]
[Result "1/2-1/2"]
[WhiteElo "1924"]
[BlackElo "1956"]
[PlyCount "48"]
[EventDate "2016.06.26"]
[EventType "team-swiss"]
[EventRounds "9"]
[EventCountry "GER"]
[SourceTitle "CBM 173 Extra"]
[Source "ChessBase"]
[SourceDate "2016.08.29"]
[SourceVersion "1"]
[SourceVersionDate "2016.08.29"]
[SourceQuality "1"]
[WhiteTeam "Mecklenburg Vorpommern"]
[BlackTeam "Zeitz Schachfreunde"]
[WhiteTeamCountry "GER"]
[BlackTeamCountry "GER"]

1. e4 c5 2. Nf3 d6 3. d4 cxd4 4. Nxd4 Nf6 5. Nc3 a6 6. Bg5 e6 7. f4 Be7 8. Qf3 h6 9. Bh4 Qc7 10. 0-0-0 b5 11. Qg3 g5 12. fxg5 hxg5 13. Bxg5 b4 14. Bxf6 Bxf6 15. Nce2 Bb7 16. Nxe6 fxe6 17. Qxd6 Qxd6 18. Rxd6 Ke7 19. Rb6 Bxe4 20. Rxb4 Bf5 21. Ng3 Bg5+ 22. Kb1 Nd7 23. Nxf5+ exf5 24. Bd3 f4 1/2-1/2

[Event "Leipzig VfB op 23rd"]
[Site "Leipzig"]
[Date "2016.03.16"]
[Round "3"]
[White "Ditz, Roland"]
[Black "Reimann, Hubert"]
[Result "0-1"]
[WhiteElo "1700"]
[BlackElo "1951"]
[PlyCount "48"]
[EventDate "2016.03.15"]
[EventType "swiss"]
[EventRounds "9"]
[EventCountry "GER"]
[SourceTitle "EXT 2017"]
[Source "ChessBase"]
[SourceDate "2016.10.25"]
[SourceVersion "1"]
[SourceVersionDate "2016.10.25"]
[SourceQuality "1"]

1. e4 c5 2. Nf3 d6 3. d4 cxd4 4. Nxd4 Nf6 5. Nc3 a6 6. f3 e6 7. Bc4 b5 8. Ndxb5 axb5 9. Nxb5 Nc6 10. 0-0 Qb6+ 11. Kh1 Ne5 12. Qe2 Bd7 13. Be3 Qb8 14. a4 Be7 15. Rfd1 0-0 16. Bd3 Rd8 17. c4 Nxd3 18. Qxd3 Bxb5 19. cxb5 d5 20. exd5 Nxd5 21. Qe2 Qe5 22. Re1 Nxe3 23. Qxe3 Qxb2 24. Reb1 Rxa4 0-1

[Event "Leipzig VfB op 22nd"]
[Site "Leipzig"]
[Date "2015.03.04"]
[Round "2"]
[White "Nguyen, Alex Dac Vuong"]
[Black "Reimann, Hubert"]
[Result "1-0"]
[WhiteElo "1835"]
[BlackElo "1969"]
[PlyCount "53"]
[EventDate "2015.03.03"]
[EventType "swiss"]
[EventRounds "9"]
[EventCountry "GER"]
[SourceTitle "EXT 2016"]
[Source "ChessBase"]
[SourceDate "2015.10.08"]
[SourceVersion "1"]
[SourceVersionDate "2015.10.08"]
[SourceQuality "1"]

1. e4 c5 2. Nf3 d6 3. d4 cxd4 4. Nxd4 Nf6 5. Nc3 a6 6. Be3 e5 7. Nb3 Qc7 8. f3 b5 9. Qd2 Be6 10. 0-0-0 Nbd7 11. g4 Nb6 12. g5 b4 13. Bxb6 Qxb6 14. Na4 Qc6 15. gxf6 Qxa4 16. fxg7 Bxg7 17. Kb1 Bf8 18. f4 exf4 19. Qxf4 Be7 20. Rg1 0-0-0 21. Be2 h5 22. e5 dxe5 23. Qxe5 h4 24. Qe4 Kc7 25. Bf3 Rb8 26. Qe5+ Kb6 27. Rd6+ 1-0

[Event "Leipzig VfB op 21st"]
[Site "Leipzig"]
[Date "2014.03.08"]
[Round "9"]
[White "Reimann, Hubert"]
[Black "Rudolph, Juergen"]
[Result "1-0"]
[WhiteElo "1990"]
[BlackElo "1791"]
[PlyCount "51"]
[EventDate "2014.03.04"]
[EventType "tourn"]
[EventRounds "9"]
[EventCountry "GER"]
[SourceTitle "CBM 159 Extra"]
[Source "ChessBase"]
[SourceDate "2014.04.24"]
[SourceVersion "1"]
[SourceVersionDate "2014.04.24"]
[SourceQuality "1"]

1. d4 e6 2. Nf3 Nf6 3. e3 c5 4. Bd3 cxd4 5. exd4 Be7 6. 0-0 0-0 7. c4 b6 8. Nc3 d5 9. b3 dxc4 10. bxc4 Nc6 11. Bb2 Bb7 12. Rc1 Rc8 13. Re1 Na5 14. Ne5 Nc6 15. Nxc6 Bxc6 16. Qe2 Qxd4 17. Nd5 Qc5 18. Bd4 Qd6 19. Nxf6+ Bxf6 20. Bxf6 gxf6 21. Bxh7+ Kxh7 22. Qh5+ Kg7 23. Qg4+ Kh6 24. Re3 Bf3 25. Rxf3 Rc5 26. Rh3+ 1-0

[Event "Leipzig VfB op 21st"]
[Site "Leipzig"]
[Date "2014.03.06"]
[Round "4"]
[White "Sonntag, Hermann"]
[Black "Reimann, Hubert"]
[Result "1-0"]
[WhiteElo "2123"]
[BlackElo "1990"]
[PlyCount "65"]
[EventDate "2014.03.04"]
[EventType "tourn"]
[EventRounds "9"]
[EventCountry "GER"]
[SourceTitle "CBM 159 Extra"]
[Source "ChessBase"]
[SourceDate "2014.04.24"]
[SourceVersion "1"]
[SourceVersionDate "2014.04.24"]
[SourceQuality "1"]

1. e4 c5 2. Nc3 d6 3. f4 Nc6 4. Nf3 a6 5. a4 g6 6. Bc4 e6 7. d3 Bg7 8. 0-0 Nge7 9. Bb3 d5 10. Bd2 0-0 11. Qe1 Nd4 12. Nxd4 cxd4 13. Ne2 dxe4 14. dxe4 d3 15. Nc3 Nc6 16. Be3 Nd4 17. Rd1 Nxb3 18. Rxd3 Qc7 19. cxb3 Bd7 20. Qf2 b5 21. Rfd1 Bc6 22. Bc5 Rfe8 23. e5 Rac8 24. Bd6 Qb7 25. a5 b4 26. Na4 Bb5 27. Rd4 Qc6 28. Nb6 Rcd8 29. Bxb4 Rxd4 30. Qxd4 Qc2 31. Nc4 Qxb3 32. Nd6 Ba4 33. Rd3 1-0

[Event "Leipzig VfB op 20th"]
[Site "Leipzig"]
[Date "2013.03.09"]
[Round "8"]
[White "Nabavi, Parwis"]
[Black "Reimann, Hubert"]
[Result "1/2-1/2"]
[WhiteElo "2134"]
[BlackElo "2004"]
[PlyCount "67"]
[EventDate "2013.03.05"]
[EventType "swiss"]
[EventRounds "9"]
[EventCountry "GER"]
[SourceTitle "EXT 2014"]
[Source "ChessBase"]
[SourceDate "2013.11.20"]
[SourceVersion "1"]
[SourceVersionDate "2013.11.20"]
[SourceQuality "1"]

1. d4 Nf6 2. c4 e6 3. g3 d5 4. Nf3 Be7 5. Bg2 0-0 6. 0-0 b6 7. Qc2 Bb7 8. cxd5 Nxd5 9. Nc3 Nb4 10. Qb3 N8c6 11. Bf4 Na5 12. Qa4 Bc6 13. Qd1 Bd6 14. Rc1 Bxf4 15. gxf4 Nd5 16. e3 Nxc3 17. Rxc3 Be4 18. a3 Rc8 19. b4 Nb7 20. Qb3 Nd6 21. Ne5 Bxg2 22. Kxg2 Qh4 23. Rc2 Rfe8 24. f3 f6 25. Ng4 h5 26. Nf2 Nf7 27. Rcc1 Re7 28. Ne4 Kh8 29. Rc6 e5 30. dxe5 fxe5 31. f5 Ng5 32. Nf2 e4 33. f4 Nf3 34. h3 1/2-1/2

[Event "Leipzig VfB op 20th"]
[Site "Leipzig"]
[Date "2013.03.09"]
[Round "9"]
[White "Reimann, Hubert"]
[Black "Bergmann, Thomas"]
[Result "1-0"]
[WhiteElo "2004"]
[BlackElo "1740"]
[PlyCount "61"]
[EventDate "2013.03.05"]
[EventType "swiss"]
[EventRounds "9"]
[EventCountry "GER"]
[SourceTitle "EXT 2014"]
[Source "ChessBase"]
[SourceDate "2013.11.20"]
[SourceVersion "1"]
[SourceVersionDate "2013.11.20"]
[SourceQuality "1"]

1. d4 Nf6 2. c4 g6 3. Nc3 Bg7 4. e4 d6 5. f4 c5 6. Nf3 cxd4 7. Nxd4 Nc6 8. Be2 0-0 9. Be3 Bg4 10. Nf3 e5 11. 0-0 Nh5 12. f5 Nf4 13. h3 Nxe2+ 14. Nxe2 Bxf3 15. Rxf3 Qf6 16. fxg6 Qxg6 17. Rg3 Qe6 18. Qd2 Kh8 19. b3 f5 20. exf5 Rxf5 21. Rd1 Rd8 22. Rg4 Rf7 23. Ng3 h6 24. Rh4 Kh7 25. Ne4 Kg8 26. Bxh6 Qg6 27. Rg4 Qf5 28. Bxg7 Rxg7 29. Rf1 Qe6 30. Nf6+ Kf8 31. Qh6 1-0

[Event "Leipzig VfB op 20th"]
[Site "Leipzig"]
[Date "2013.03.06"]
[Round "3"]
[White "Reimann, Hubert"]
[Black "Ziersch, Hubert"]
[Result "1-0"]
[WhiteElo "2004"]
[BlackElo "2088"]
[PlyCount "59"]
[EventDate "2013.03.05"]
[EventType "swiss"]
[EventRounds "9"]
[EventCountry "GER"]
[SourceTitle "EXT 2014"]
[Source "ChessBase"]
[SourceDate "2013.11.20"]
[SourceVersion "1"]
[SourceVersionDate "2013.11.20"]
[SourceQuality "1"]

1. d4 Nf6 2. c4 d6 3. Nf3 g6 4. Nc3 Bg7 5. e4 0-0 6. Be2 c6 7. 0-0 Kh8 8. h3 Ng8 9. Be3 e5 10. dxe5 dxe5 11. Bc5 Re8 12. Bd6 f6 13. c5 Be6 14. Qa4 Nh6 15. Rfd1 Qc8 16. Rd3 Nf7 17. Bxb8 Qxb8 18. Rad1 Qc7 19. b4 a6 20. Qc2 Rad8 21. Na4 Rxd3 22. Rxd3 Rd8 23. a3 f5 24. Rxd8+ Qxd8 25. Bc4 Bxc4 26. Qxc4 Kg8 27. Nb6 Kf8 28. Qe6 fxe4 29. Nd7+ Kg8 30. Ng5 1-0

[Event "Sachsen-Anhalt-ch Seniors 20th"]
[Site "Naumburg"]
[Date "2012.06.06"]
[Round "4"]
[White "Liebscher, Helmar"]
[Black "Reimann, Hubert"]
[Result "1-0"]
[WhiteElo "1968"]
[BlackElo "1846"]
[PlyCount "101"]
[EventDate "2012.06.03"]
[EventType "swiss"]
[EventRounds "7"]
[EventCountry "GER"]
[SourceTitle "EXT 2013"]
[Source "ChessBase"]
[SourceDate "2012.11.22"]
[SourceVersion "1"]
[SourceVersionDate "2012.11.22"]
[SourceQuality "1"]

1. e4 c5 2. Nf3 d6 3. d4 cxd4 4. Nxd4 Nf6 5. Nc3 a6 6. f4 e5 7. Nf3 Qc7 8. a4 b6 9. Bd3 Bb7 10. 0-0 Be7 11. Kh1 0-0 12. Qe1 Nbd7 13. Nh4 Rfe8 14. Nf5 Bf8 15. fxe5 Nxe5 16. Qh4 Ng6 17. Nh6+ gxh6 18. Qxf6 Bg7 19. Qf3 Ne5 20. Qh5 Nxd3 21. cxd3 Re5 22. Qh4 Qd8 23. Qg3 Re6 24. Be3 d5 25. Bd4 Rg6 26. Qf2 Qd7 27. Bxg7 Rxg7 28. Qxb6 dxe4 29. dxe4 Qg4 30. Rf2 Bxe4 31. Nxe4 Qxe4 32. Qxh6 Rg6 33. Qf4 Qd5 34. Raf1 Rf8 35. h4 Qh5 36. g3 Rg4 37. Qf3 Qg6 38. Kh2 Rxa4 39. Qe3 Re4 40. Qc3 Qg4 41. Rf4 Rxf4 42. Rxf4 Qg7 43. Rf6 a5 44. Kh3 Re8 45. h5 Qg5 46. h6 Qh5+ 47. Kg2 Qd5+ 48. Kg1 Qd1+ 49. Rf1 Qg4 50. Kg2 Rc8 51. Qf6 1-0

[Event "Sachsen-Anhalt-ch Seniors 20th"]
[Site "Naumburg"]
[Date "2012.06.03"]
[Round "1"]
[White "Reimann, Hubert"]
[Black "Soerensen, Viktoria"]
[Result "1-0"]
[WhiteElo "1846"]
[BlackElo "1114"]
[PlyCount "49"]
[EventDate "2012.06.03"]
[EventType "swiss"]
[EventRounds "7"]
[EventCountry "GER"]
[SourceTitle "EXT 2013"]
[Source "ChessBase"]
[SourceDate "2012.11.22"]
[SourceVersion "1"]
[SourceVersionDate "2012.11.22"]
[SourceQuality "1"]

1. d4 d5 2. Nf3 Nc6 3. Bf4 Bf5 4. Nh4 Bd7 5. Bg3 Nf6 6. Nc3 g6 7. e4 dxe4 8. d5 Nb8 9. Qd4 Rg8 10. Nxe4 Nxe4 11. Qxe4 c6 12. Bc4 Qa5+ 13. c3 cxd5 14. Bxd5 Bc6 15. Rd1 e6 16. Bxc6+ Nxc6 17. a4 Bg7 18. Nf3 Rd8 19. 0-0 Rxd1 20. Rxd1 h6 21. b4 Qxa4 22. Qd3 Bf6 23. b5 Na5 24. Be5 Be7 25. Qd7+ 1-0

[Event "Leipzig VfB op 19th"]
[Site "Leipzig"]
[Date "2012.03.11"]
[Round "9"]
[White "Krajinski, Lutz"]
[Black "Reimann, Hubert"]
[Result "0-1"]
[WhiteElo "1733"]
[BlackElo "2007"]
[PlyCount "76"]
[EventDate "2012.03.06"]
[EventType "swiss"]
[EventRounds "9"]
[EventCountry "GER"]
[SourceTitle "CBM 147 Extra"]
[Source "ChessBase"]
[SourceDate "2012.04.24"]
[SourceVersion "1"]
[SourceVersionDate "2012.04.24"]
[SourceQuality "1"]

1. c4 Nf6 2. Nc3 d5 3. d4 e6 4. Nf3 c6 5. Bg5 Be7 6. e3 Nbd7 7. cxd5 exd5 8. Bd3 0-0 9. Qc2 h6 10. h4 Re8 11. Bf5 Nf8 12. Bf4 Bxf5 13. Qxf5 g6 14. Qd3 Kg7 15. Be5 Bd6 16. Bxd6 Qxd6 17. Nd2 Nh5 18. g4 Nf4 19. Qf1 b5 20. 0-0-0 b4 21. Na4 N4e6 22. Nb3 Nd7 23. Kb1 Nb6 24. Nac5 a5 25. Qd3 a4 26. Nxe6+ Qxe6 27. Nc5 Qxg4 28. Rdg1 Qh5 29. e4 dxe4 30. Nxe4 Rad8 31. Ng3 Qb5 32. Qxb5 cxb5 33. b3 Nd5 34. Nf5+ Kh7 35. Ne3 Nc3+ 36. Ka1 axb3 37. axb3 Ra8+ 38. Kb2 Ra2+ 0-1

[Event "Leipzig VfB op 19th"]
[Site "Leipzig"]
[Date "2012.03.10"]
[Round "8"]
[White "Reimann, Hubert"]
[Black "Liedmann, Hans Joerg"]
[Result "0-1"]
[WhiteElo "2007"]
[BlackElo "1887"]
[PlyCount "106"]
[EventDate "2012.03.06"]
[EventType "swiss"]
[EventRounds "9"]
[EventCountry "GER"]
[SourceTitle "CBM 147 Extra"]
[Source "ChessBase"]
[SourceDate "2012.04.24"]
[SourceVersion "1"]
[SourceVersionDate "2012.04.24"]
[SourceQuality "1"]

1. d4 Nf6 2. c4 d6 3. Nc3 g6 4. f4 Bg7 5. e4 0-0 6. Nf3 c5 7. Be2 Bg4 8. d5 e6 9. h3 Bxf3 10. Bxf3 exd5 11. cxd5 Nfd7 12. 0-0 a6 13. a4 c4 14. Be3 Qa5 15. Qe2 Rc8 16. g4 Qd8 17. g5 Nc5 18. Bg4 Nbd7 19. Qxc4 Qe7 20. e5 dxe5 21. d6 Qxd6 22. Rad1 Qf8 23. Qe2 Rd8 24. Rd5 b6 25. Rfd1 exf4 26. Bxf4 f5 27. Bf3 Re8 28. Qc4 Qf7 29. Qf1 Ne5 30. Bxe5 Bxe5 31. Rxe5 Rxe5 32. Bxa8 Qe7 33. Nd5 Qxg5+ 34. Qg2 Qh4 35. Rf1 Nd3 36. Nxb6 Nf4 37. Rxf4 Qxf4 38. Bd5+ Kg7 39. Bc4 Qd4+ 40. Qf2 Re1+ 41. Bf1 Qd1 42. b4 Re4 43. b5 axb5 44. axb5 Qc1 45. Nd7 Rf4 46. Qe2 Re4 47. Qd3 Qg5+ 48. Kh1 Qf4 49. Qc3+ Kh6 50. Qd3 Rd4 51. Qe2 Rxd7 52. Bg2 Rd2 53. Qe1 Rc2 0-1

[Event "Leipzig VfB op 19th"]
[Site "Leipzig"]
[Date "2012.03.08"]
[Round "4"]
[White "Reimann, Hubert"]
[Black "Thalwitzer, Bernd"]
[Result "1/2-1/2"]
[WhiteElo "2007"]
[BlackElo "1731"]
[PlyCount "88"]
[EventDate "2012.03.06"]
[EventType "swiss"]
[EventRounds "9"]
[EventCountry "GER"]
[SourceTitle "CBM 147 Extra"]
[Source "ChessBase"]
[SourceDate "2012.04.24"]
[SourceVersion "1"]
[SourceVersionDate "2012.04.24"]
[SourceQuality "1"]

1. d4 Nf6 2. c4 e6 3. Nc3 Bb4 4. e3 0-0 5. Bd3 c5 6. a3 cxd4 7. exd4 Bxc3+ 8. bxc3 d5 9. Nf3 Qc7 10. Qb3 Nc6 11. cxd5 exd5 12. 0-0 h6 13. h3 Na5 14. Qc2 Be6 15. Ne5 Rac8 16. Bd2 Nc4 17. Nxc4 dxc4 18. Bf5 Rfe8 19. Bxe6 Rxe6 20. Qf5 Qc6 21. Rab1 b6 22. Rfe1 Rce8 23. Re5 Rxe5 24. dxe5 Ne4 25. Be1 Qd5 26. f3 Qc5+ 27. Kh2 Nd6 28. Qd7 Qxe5+ 29. Bg3 Qe6 30. Qxd6 Qf5 31. Rd1 Qc2 32. Qd2 Qb3 33. Bd6 Rd8 34. Qd4 a5 35. Rd2 b5 36. Qb6 Re8 37. Qxa5 Qb1 38. Qb6 Re1 39. Bf4 Rh1+ 40. Kg3 Qe1+ 41. Qf2 Qb1 42. Rc2 Rf1 43. Qe2 Re1 44. Qd2 Rd1 1/2-1/2

[Event "Leipzig VfB op 19th"]
[Site "Leipzig"]
[Date "2012.03.07"]
[Round "2"]
[White "Reimann, Hubert"]
[Black "Schwenkreis, Thomas"]
[Result "0-1"]
[WhiteElo "2007"]
[BlackElo "2194"]
[PlyCount "64"]
[EventDate "2012.03.06"]
[EventType "swiss"]
[EventRounds "9"]
[EventCountry "GER"]
[SourceTitle "CBM 147 Extra"]
[Source "ChessBase"]
[SourceDate "2012.04.24"]
[SourceVersion "1"]
[SourceVersionDate "2012.04.24"]
[SourceQuality "1"]

1. d4 Nf6 2. c4 d6 3. Nc3 Nbd7 4. Bg5 h6 5. Bh4 g5 6. Bg3 Nh5 7. e3 Nxg3 8. hxg3 Bg7 9. Bd3 c5 10. Nge2 a6 11. f4 Nf6 12. dxc5 dxc5 13. e4 Ng4 14. e5 Be6 15. Qd2 Qd7 16. Nd5 Bxd5 17. cxd5 Rd8 18. Rd1 b5 19. b3 Kf8 20. Be4 h5 21. Qd3 Qa7 22. Qf3 e6 23. d6 gxf4 24. gxf4 c4 25. Nd4 Rxd6 26. exd6 Bxd4 27. Bc6 c3 28. Rc1 Qc5 29. d7 Ke7 30. f5 Qe5+ 31. Qe4 Qg3+ 32. Kd1 Nf2+ 0-1

[Event "Leipzig VfB op 19th"]
[Site "Leipzig"]
[Date "2012.03.07"]
[Round "3"]
[White "Reinsdorf, Christin"]
[Black "Reimann, Hubert"]
[Result "1-0"]
[WhiteElo "1849"]
[BlackElo "2007"]
[PlyCount "97"]
[EventDate "2012.03.06"]
[EventType "swiss"]
[EventRounds "9"]
[EventCountry "GER"]
[SourceTitle "CBM 147 Extra"]
[Source "ChessBase"]
[SourceDate "2012.04.24"]
[SourceVersion "1"]
[SourceVersionDate "2012.04.24"]
[SourceQuality "1"]

1. e4 c5 2. c4 Nc6 3. Nc3 g6 4. d3 Bg7 5. Nge2 d6 6. g3 e6 7. Bg2 Nge7 8. Bg5 h6 9. Be3 Nd4 10. Bxd4 cxd4 11. Nb5 Nc6 12. Qa4 0-0 13. 0-0 a6 14. Qa3 axb5 15. Qxa8 Nb4 16. cxb5 Qb6 17. Rad1 Qxb5 18. Qa3 b6 19. Qb3 Ba6 20. a4 Qa5 21. Nc1 Rb8 22. Qa3 b5 23. b3 Bf8 24. Qb2 bxa4 25. bxa4 Nc6 26. Qc2 Nb4 27. Qb2 e5 28. Qb3 Nc6 29. Qc2 Rc8 30. Qb3 Rb8 31. Qc2 Nd8 32. Bh3 Rb4 33. Bd7 Nb7 34. Na2 Rb6 35. Be8 Nc5 36. Nc1 Qb4 37. Qa2 Rb7 38. f4 Ne6 39. fxe5 Ng5 40. h4 Nxe4 41. Bxf7+ Kg7 42. dxe4 Bxf1 43. Rxf1 Qc3 44. Qf2 Qe3 45. Qxe3 dxe3 46. Bd5 Rc7 47. e6 Be7 48. Rf7+ Kh8 49. Ne2 1-0

[Event "Sachsen-Anhalt-ch Seniors 19th"]
[Site "Osterburg"]
[Date "2011.06.10"]
[Round "7"]
[White "Reimann, Hubert"]
[Black "Priss, Wolfgang"]
[Result "1-0"]
[WhiteElo "1833"]
[BlackElo "1409"]
[PlyCount "140"]
[EventDate "2011.06.05"]
[EventType "swiss"]
[EventRounds "7"]
[EventCountry "GER"]
[SourceTitle "EXT 2013"]
[Source "ChessBase"]
[SourceDate "2012.11.22"]
[SourceVersion "1"]
[SourceVersionDate "2012.11.22"]
[SourceQuality "1"]

1. d4 d5 2. Nf3 Nf6 3. e3 a6 4. Bd3 e6 5. 0-0 Be7 6. b3 Nbd7 7. Bb2 c5 8. c4 b6 9. Nc3 Bb7 10. Rc1 0-0 11. Qe2 Re8 12. Nd2 e5 13. Nxd5 exd4 14. exd4 Nxd5 15. cxd5 Bd6 16. Qg4 Bxd5 17. Qf5 Nf8 18. Ne4 Bxe4 19. Bxe4 Ra7 20. Bc6 Re2 21. Ba1 cxd4 22. Be4 Rc7 23. Rcd1 Rc5 24. Qf3 Rxa2 25. Bd3 Qb8 26. b4 Rc8 27. Bf5 Re8 28. Qb3 Rae2 29. Bd3 R2e7 30. Bxa6 b5 31. Qd3 Be5 32. g3 Rd8 33. Rc1 Ra7 34. Rc6 Rc7 35. Rc5 Rxc5 36. bxc5 Ne6 37. c6 Nc7 38. Bb7 Qa7 39. Re1 Bf6 40. Bb2 Qc5 41. Rc1 Qe5 42. Ba3 Qe6 43. Bb4 Qe5 44. Re1 Qd5 45. Ba5 Qd6 46. Qe4 g6 47. Qf4 Qxf4 48. gxf4 Re8 49. Rxe8+ Nxe8 50. c7 Nxc7 51. Bxc7 d3 52. Be4 d2 53. Bc2 b4 54. Kf1 Be7 55. Ke2 Kg7 56. Kxd2 f5 57. Be5+ Kh6 58. Ke2 Bc5 59. Bf6 Bd6 60. Be5 Bc5 61. f3 Kh5 62. Bb3 h6 63. Bf7 Be7 64. Kd3 Bc5 65. Kc4 Bg1 66. h3 Bf2 67. Kxb4 Be3 68. Kc4 Bc1 69. Kd5 Bd2 70. Ke6 Kh4 1-0